000 00753nam a22002417a 4500
001 29373
003 BD-RjUL
005 20211209051414.0
008 140403s1955 fr ||||| |||| 00| 0 eng d
035 _a(BD-RjUL)29458
040 _aBD-RjUL
_beng
_cBD-RjUL
041 _aeng
082 0 4 _219
_a616.852
_bRIN 1955
100 1 _aRivière, André La.
_989585
245 1 0 _aNévrose et obsessions :
_bV /
_cAndré La. Rivière.
260 _aMontréal :
_bLes Éditions psychologiques enrg.,
_c1955.
300 _a284 p. ;
_c21 cm.
490 _aCollection Equilibre psychique et bonheur.
650 0 _aNeurosen.
_989586
650 0 _aNévroses obsessionnelles.
_989587
830 _aCollection Equilibre psychique et bonheur.
_989592
942 _2ddc
_cBK
999 _c29373
_d29373